• 首页
  • 本馆介绍
  • 公告通知
  • 最新文献
  • 馆藏检索
  • 电子资源
  • 读者导购
  • 参考咨询
  • 我的图书馆
  • 登录
  • 详细信息显示
  • 放入我的书架
  • 预约/预借图书
  • 作者相关作品
  • 分类相关作品
  • 丛书相关作品
  • 出版社相关作品

书目信息

  • 表格格式
  • 工作单格式
  • 卡片格式
题名:
疫情期间医疗废物应急处置知识读本
    
 
作者: 郭春霞 , 陈扬 主编
分册:  
出版信息: 郑州   河南科学技术出版社  2020
页数: 116页
开本: 21cm
丛书名:
单 册:
中图分类: X799.5 , X7
科图分类:
主题词: 日冕形病毒--病毒病--肺炎--医用废弃物--基本知识 , 废物处理--废物处理 , 废物综合利用
电子资源:
ISBN: 978-7-5349-9519-4
000 00948nam0 2200265 450
001 2369127974
005 20231108191340.62
010    @a978-7-5349-9519-4@dCNY20.00
100    @a20201022d2020 em y0chiy50 ea
101 0  @achi
102    @aCN@b410000
105    @aa z 000yy
200 1  @a疫情期间医疗废物应急处置知识读本@9yi qing qi jian yi liao fei wu ying ji chu zhi zhi shi du ben@f郭春霞,陈扬主编
210    @a郑州@c河南科学技术出版社@d2020
215    @a116页@c彩图@d21cm
330    @a本书共五章,内容包括:医疗废物的特性、危害及管理;医疗机构医疗废物管理;医疗废物集中处置单位管理;疫情期间医疗废物应急处置;医疗废物处置监督监测。
606 0  @a日冕形病毒@x病毒病@x肺炎@x医用废弃物@x基本知识
606 0  @a废物处理@a废物处理
606 0  @a废物综合利用
690    @aX799.5@v5
690    @aX7@v4
701  0 @a郭春霞@9guo chun xia@4主编
701  0 @a陈扬@9chen yang@4主编
801  0 @aCN@b91MARC@c20201022
905    @aBZT@dX7@e11
    
    疫情期间医疗废物应急处置知识读本/郭春霞,陈扬主编.-郑州:河南科学技术出版社,2020
    116页:彩图;21cm
    
    
    ISBN 978-7-5349-9519-4:CNY20.00
    本书共五章,内容包括:医疗废物的特性、危害及管理;医疗机构医疗废物管理;医疗废物集中处置单位管理;疫情期间医疗废物应急处置;医疗废物处置监督监测。
●
相关链接 在五车中查询图书 在当当中查询图书 在豆瓣中查询图书


正题名:疫情期间医疗废物应急处置知识读本     索取号:X7/11         预约/预借

序号 登录号 条形码 馆藏地/架位号 状态 备注
1 2000979338   2000979338   中教第一批/山东中教(第一批)/218/ [索取号:X7/11] 在馆    
2 2000979339   2000979339   中教第一批/山东中教(第一批)/218/ [索取号:X7/11] 在馆    
3 2000979340   2000979340   中教第一批/山东中教(第一批)/218/ [索取号:X7/11] 在馆    
4 2000979341   2000979341   中教第一批/山东中教(第一批)/218/ [索取号:X7/11] 在馆    
5 2000979342   2000979342   中教第一批/山东中教(第一批)/218/ [索取号:X7/11] 在馆    
6 2000979343   2000979343   中教第一批/山东中教(第一批)/218/ [索取号:X7/11] 在馆    
山东省滨州职业学院图书馆 欢迎您!
大连网信软件有限公司© 版权所有